Normal view
MARC view
Entry Nombre personal
001 - NÚMERO DE CONTROL
- campo de control: 174484
003 - IDENTIFICADOR DE NÚMERO DE CONTROL
- campo de control: OSt
005 - FECHA Y HORA DE LA ÚLTIMA TRANSACCIÓN
- campo de control: 20250918230332.0
008 - ELEMENTOS DE DATO DE LONGITUD-FIJA
- campo de control de longitud fija: 220516 n adnnnaa|n a aaa d
040 ## - FUENTE DE CATALOGACIÓN
- Centro catalogador/agencia de origen: OSt
- Centro/agencia transcriptor: OSt
100 1# - ENCABEZAMIENTO-NOMBRE DE PERSONA
- Nombre de persona: Viardot, Pauline,
- Fechas asociadas al nombre: 1821-1910
400 1# - TRAZADO DE VÉASE--NOMBRE DE PERSONA
- Nombre de persona: Viardot García, Pauline (
- Fechas asociadas al nombre: 1821-1910)
400 1# - TRAZADO DE VÉASE--NOMBRE DE PERSONA
- Nombre de persona: García, Pauline-Ferdinande-Florence (
- Fechas asociadas al nombre: 1821-1910)
